000 01234nam a2200313 a 4500
001 000046570
003 DO-SdBNP
005 20250123122253.0
006 a||||gr|||| 00| 0
007 ta
008 150826s1990 dr 000 0 spa d
040 _aDO-SdBNP
_bspa
_cBNPHU
_erda
082 4 _222
_bS623o 1990.
100 1 _aFiallo Billini, José Antinoe
_d1944-
_eautor
_910159
245 0 0 _aIgualdad de oportunidades y movilidad social en el sistema educativo dominicano /
_cJosé Antinoe Fiallo
250 _a4a. edición
264 1 _aSanto Domingo :
_bPlan Educativo
_bINTEC,
_c1990
300 _a57 páginas ;
_c21 cm.
336 _2rdacontent
_atexto
_btxt
337 _2rdamedia
_asin mediación
_bn
338 _2rdacarrier
_avolumen
_bnc
490 _aPlan educativo ;
_v4
500 _aIncluye notas al pie de las páginas.
505 _aIgualdad de oportunidades y movilidad social en el sistema educativo dominicano.--
_tIgualdad de Oportunidades y Movilidad Social en el Sistema Educativo Dominicano. /
_rDr. José Antinoe fiallo / Dr. Alberto Fiallo.--
_tResumen de discusión.
590 _aInventariado 2023 / MF
700 1 _aFiallo, Alberto
_d1864-
_923849
_eautor
710 2 _aUNICEF
_983236
942 _2ddc
_cLBS1
999 _c46059
_d46059